| 000 | 01996cam a22003971i 4500 | ||
|---|---|---|---|
| 003 | SA-RiAUC | ||
| 005 | 20250628035550.0 | ||
| 008 | 250627s2002 ua g f000 0 ara c | ||
| 040 |
_aKW-ShULA _bara _cSA-RiAUC _erda |
||
| 041 | 1 |
_aara _hund |
|
| 043 |
_af-ua--- _aawgz--- _aa-su--- |
||
| 082 | 0 | 4 |
_a916.2 _qSA-RiAUC |
| 090 |
_a916.2 _bد هـ ل |
||
| 100 | 1 |
_aالدهلوي، حسن نظامي، _d1878-بعد 1991 _eمؤلف. |
|
| 245 | 1 | 0 |
_aرحلة خواجة حسن نظامي الدهلوي في مصر وفلسطين والشام والحجاز (1991 م) / _cترجمة وتعليق سمير عبد الحميد إبراهيم. |
| 250 | _aالطبعة الأولى. | ||
| 264 | 1 |
_aالقاهرة : _bالمجلس الأعلى للثقافة، _c2002 |
|
| 264 | 3 |
_a[مكان الطبع غير محدد] : _bالهيئة العامة لشؤون المطابع الأميرية |
|
| 300 |
_a329 صفحة ؛ _c21 سم. |
||
| 336 |
_aنص _btxt _2rdacontent _3كتاب |
||
| 337 |
_aبدون وسيط _bn _2rdamedia |
||
| 338 |
_aمجلد _bnc _2rdacarrier |
||
| 490 | 1 |
_aالمشروع القومي للترجمة / المجلس الأعلى للثقافة ؛ _v285 |
|
| 500 | _aترجمة ل : سفرنامه خواجه حسن نظامي. | ||
| 500 | _aيشتمل على كشاف. | ||
| 600 | 1 | 7 |
_aالدهلوي، حسن نظامي، _d1878-بعد 1991 _vرحلات _zالبلاد العربية _2aucnm |
| 651 | 7 |
_aالبلاد العربية _xوصف ورحلات _2aucsh |
|
| 651 | 7 |
_aمصر _xوصف ورحلات _2aucsh |
|
| 651 | 7 |
_aفلسطين _xوصف ورحلات _2aucsh |
|
| 651 | 7 |
_aبلاد الشام _xوصف ورحلات _2aucsh |
|
| 651 | 7 |
_aالحجاز (السعودية) _xوصف ورحلات _2aucsh |
|
| 700 | 1 |
_aإبراهيم، سمير عبد الحميد، _d1946- _eمترجم. |
|
| 830 | 2 |
_aالمشروع القومي للترجمة (المجلس الأعلى للثقافة) _v285 |
|
| 942 |
_2ddc _cBOOK _n0 |
||
| 949 |
_aSA-JeALM _d250627 _umohamedma123 _n1 |
||
| 999 |
_c9266 _d9266 |
||